000 005740000a22001810004500
003 MACL
005 20160422143716.0
008 160422b xxu||||| |||| 00| 0 eng d
040 _aMACL
_cMACL
041 _aHindi
082 _a630
100 _aगिरि गोस्‍वमी ऐस के
_953347
245 _aसब्जियां एवं गृह-वाटिका
260 _bदिल्‍ली पुस्‍तक सदन
_c2005
_aनई दिल्‍ली
350 _a275
650 _aAgriculture
_953348
942 _cHIN
_k630
_2ddc
999 _c12761
_d12761